Wolf Tracklist (Tyler, The Creator) - Statistics

General Stats
  • This quiz has been taken 483 times
  • The average score is 14 of 18
Answer Stats
Hint Answer % Correct
1 WOLF
95%
6 Answer
88%
11 IFHY (feat. Pharrell)
87%
17 Tamale
84%
5 Domo23
81%
2 Jamba(feat. Hodgy)
81%
18 :Lone
81%
10 PartyIsntOver/Campfire/Bimmer(feat. Frank Ocean & Laetitia Sadier)
79%
3 Cowboy
77%
16 Treehome95(feat. Coco O. & Erykah Badu)
76%
8 48
75%
15 Trashwang(feat. Na' Kel, Jasper Dolphin, Lucas, L-Boy, Taco, Left Brain & Lee Spielman)
74%
9 Colossus
73%
4 Awkward
72%
7 Slater(feat. Frank Ocean)
72%
13 Parking Lot(feat. Domo Genesis & Earl Sweatshirt)
71%
12 Pigs
71%
14 Rusty(feat. Domo Genesis & Earl Sweatshirt)
71%
No matching quizzes found
Score Distribution
Percent of People with Each Score
Percentile by Number Answered
Your Score History
You have not taken this quiz